| 000 -LEADER |
| fixed length control field |
00818nam a22002537a 4500 |
| 005 - DATE AND TIME OF LATEST TRANSACTION |
| control field |
20251029084601.0 |
| 008 - FIXED-LENGTH DATA ELEMENTS--GENERAL INFORMATION |
| fixed length control field |
2510297800081835099b ||||| |||| 00| 0 eng d |
| 040 ## - CATALOGING SOURCE |
| Transcribing agency |
KH8 |
| 082 ## - DEWEY DECIMAL CLASSIFICATION NUMBER |
| Classification number |
813.54 SEU |
| 100 ## - MAIN ENTRY--PERSONAL NAME |
| Personal name |
DR.SEUSS |
| Relator term |
-1 Author and Illustrator |
| 245 ## - TITLE STATEMENT |
| Title |
THE CAT IN THE HAT |
| 260 ## - PUBLICATION, DISTRIBUTION, ETC. |
| Place of publication, distribution, etc. |
1 London Bridge Street,London,SE1 9GF |
| Name of publisher, distributor, etc. |
HarperCollins Publishers Ltd |
| Date of publication, distribution, etc. |
2017 |
| 300 ## - PHYSICAL DESCRIPTION |
| Extent |
62 Pages |
| Other physical details |
Colour Illustration |
| Dimensions |
19 cm x 27 cm |
| 520 ## - SUMMARY, ETC. |
| Summary, etc. |
60 years ago,the Cat in the Hat stepped in on the mat and introduced generations of children to the magic of Dr.Seuss! |
| 650 ## - SUBJECT ADDED ENTRY--TOPICAL TERM |
| Topical term or geographic name entry element |
Juvenile Fiction |
| 650 ## - SUBJECT ADDED ENTRY--TOPICAL TERM |
| Topical term or geographic name entry element |
Cats |
| 650 ## - SUBJECT ADDED ENTRY--TOPICAL TERM |
| Topical term or geographic name entry element |
Hats |
| 650 ## - SUBJECT ADDED ENTRY--TOPICAL TERM |
| Topical term or geographic name entry element |
Imagination |
| 655 ## - INDEX TERM--GENRE/FORM |
| Genre/form data or focus term |
Stories in Rhyme |
| 655 ## - INDEX TERM--GENRE/FORM |
| Genre/form data or focus term |
Picture Books |
| 655 ## - INDEX TERM--GENRE/FORM |
| Genre/form data or focus term |
Fiction |
| 655 ## - INDEX TERM--GENRE/FORM |
| Genre/form data or focus term |
Children's Stories |
| 942 ## - ADDED ENTRY ELEMENTS (KOHA) |
| Source of classification or shelving scheme |
|
| Koha item type |
Books - Fiction |